| Tag |
First Indicator |
Second Indicator |
Subfields |
| LEADER |
00000cam a2200000 4500 |
| 001 |
in00000076489 |
| 005 |
20151008052717.0 |
| 008 |
720509s1938 nyua b 00000 eng u |
| 010 |
|
|
|a 38027485
|
| 035 |
|
|
|a (OCoLC)00304398
|
| 035 |
|
|
|9 AAH4566AM
|
| 040 |
|
|
|c YNG
|d TXA
|d UtOrBLW
|
| 049 |
|
|
|a TXAM
|c [75508]
|
| 050 |
|
0 |
|a HD8072
|b .M187
|
| 092 |
|
|
|a 331.0973
|b M135
|
| 100 |
1 |
|
|a MacDonald, Lois.
|
| 245 |
1 |
0 |
|a Labor problems and the American scene /
|c by Lois MacDonald ...
|
| 264 |
|
1 |
|a New York,
|a London :
|b Harper,
|c [1938]
|
| 264 |
|
4 |
|c [©1938]
|
| 300 |
|
|
|a xiii, 878 pages
|
| 336 |
|
|
|a text
|b txt
|2 rdacontent
|
| 337 |
|
|
|a unmediated
|b n
|2 rdamedia
|
| 338 |
|
|
|a volume
|b nc
|2 rdacarrier
|
| 500 |
|
|
|a "First edition."
|
| 650 |
|
0 |
|a Working class
|z United States
|y 1914-
|
| 650 |
|
0 |
|a Labor laws and legislation
|z United States.
|
| 650 |
|
0 |
|a Labor movement
|z United States
|y 1914-
|
| 650 |
|
0 |
|a Labor
|z United States
|y 1914-
|
| 999 |
|
|
|a MARS
|
| 999 |
f |
f |
|s a01de847-f1ad-36fb-861a-2db5efb2c1a3
|i 281517f3-ad50-3205-b12b-8dde9bcbe145
|t 0
|
| 952 |
f |
f |
|p ric
|a Texas A&M University
|b Rellis Campus
|c Joint Library Facility
|d Remote Storage
|t 0
|e HD8072 .M187
|h Library of Congress classification
|i unmediated -- volume
|m A14800713422
|
| 998 |
f |
f |
|a HD8072 .M187
|t 0
|l Remote Storage
|